LEADER 00876nam0-22003131i-450 001 990001807090403321 005 20170331101936.0 010 $a88-420-2094-X 035 $a000180709 035 $aFED01000180709 035 $a(Aleph)000180709FED01 035 $a000180709 100 $a20021010d1997----km-y0itay50------ba 101 0 $aita 200 1 $aStoria del paesaggio agrario italiano$fEmilio Sereni. 210 $aRoma$cEd. Laterza$d1997 215 $a499 p.$d21 cm 225 1 $aBiblioteca universale Laterza$v69 610 0 $aAgricoltura - storia 676 $a630.9 700 1$aSereni,$bEmilio$f<1907-1977>$010412 801 0$aIT$bUNINA$gRICA$2UNIMARC 901 $aBK 912 $a990001807090403321 952 $a60 630.9 B 10$b6437$fFAGBC 959 $aFAGBC 996 $aStoria del paesaggio agrario italiano$938127 997 $aUNINA DB $aING01 LEADER 00877nam0-22003131--450- 001 990008714700403321 005 20080918145322.0 020 $aIT$b6510764 035 $a000871470 035 $aFED01000871470 035 $a(Aleph)000871470FED01 035 $a000871470 100 $a20080918d1965----km-y0itay50------ba 101 0 $aita 102 $aIT 105 $aa-------001yy 200 1 $aFrancesco d'Assisi tra Medioevo e Rinascimento$fGabriele Pepe 210 $aManduria$cLacaita$d1965 215 $a217 p.$cill.$d22 cm 225 1 $aBiblioteca di studi moderni$v3 676 $a270.5$v16$zita 700 1$aPepe,$bGabriele$0137504 801 0$aIT$bUNINA$gRICA$2UNIMARC 901 $aBK 912 $a990008714700403321 952 $aXXI B 257$b79679$fFGBC 959 $aFGBC 996 $aFrancesco d'Assisi tra Medioevo e Rinascimento$9718574 997 $aUNINA